[Event "Eurasia Cup op"]
[Site "Ekaterinburg"]
[Date "2019.08.05"]
[Round "5"]
[White "Tyurin, Ilya1"]
[Black "Egorov, Dmitri"]
[Result "1-0"]
[WhiteElo "2118"]
[BlackElo "1721"]
[PlyCount "79"]
[EventDate "2019.07.31"]
[EventType "swiss"]
[EventRounds "9"]
[EventCountry "RUS"]
[SourceTitle "CBM 191 Extra"]
[Source "ChessBase"]
[SourceDate "2019.09.30"]
[SourceVersion "1"]
[SourceVersionDate "2019.09.30"]
[SourceQuality "1"]

1. c4 Nf6 2. Nc3 c5 3. Nf3 d5 4. cxd5 Nxd5 5. e4 Nc7 6. d4 cxd4 7. Qxd4 Qxd4 8. Nxd4 e5 9. Nb3 Bb4 10. Be3 Ne6 11. 0-0-0 Bxc3 12. bxc3 0-0 13. Bc4 Nc6 14. Rd2 Rb8 15. Rhd1 b6 16. Rd6 Ncd8 17. f3 Nb7 18. R6d2 Nc7 19. f4 Bg4 20. Rf1 exf4 21. Bxf4 Rbc8 22. Kb2 Be6 23. Be2 Bxb3 24. axb3 Ne6 25. Be3 Nbc5 26. Bf3 Rfd8 27. Rfd1 Rxd2+ 28. Rxd2 Rd8 29. Rxd8+ Nxd8 30. Bxc5 bxc5 31. e5 Kf8 32. Kc2 Ne6 33. Kd3 Ke7 34. Kc4 Kd7 35. Kb5 Kc7 36. Bd5 Nf4 37. Kxc5 f6 38. e6 Nd3+ 39. Kd4 Nc1 40. Ke3 1-0

[Event "Eurasia Cup op"]
[Site "Ekaterinburg"]
[Date "2019.08.01"]
[Round "2"]
[White "Egorov, Dmitri"]
[Black "Balashov, Yuri S"]
[Result "0-1"]
[WhiteElo "1721"]
[BlackElo "2474"]
[PlyCount "50"]
[EventDate "2019.07.31"]
[EventType "swiss"]
[EventRounds "9"]
[EventCountry "RUS"]
[SourceTitle "CBM 191 Extra"]
[Source "ChessBase"]
[SourceDate "2019.09.30"]
[SourceVersion "1"]
[SourceVersionDate "2019.09.30"]
[SourceQuality "1"]

1. e4 c5 2. Nf3 Nc6 3. Nc3 e6 4. Bb5 Nge7 5. 0-0 a6 6. Bxc6 Nxc6 7. d4 cxd4 8. Nxd4 Be7 9. Nb3 0-0 10. a4 b6 11. Be3 Bb7 12. f4 Qc7 13. Qe2 Rab8 14. Qf2 Ba8 15. Qe2 Nb4 16. Rad1 f5 17. e5 Rfc8 18. Rd2 Qc4 19. Qxc4 Rxc4 20. Rfd1 Nd5 21. Nxd5 Bxd5 22. Nd4 Be4 23. Ne2 Bc5 24. Bxc5 bxc5 25. Rxd7 Rxc2 0-1